000 00376nam a2200133Ia 4500
008 230627s9999 xx 000 0 und d
020 _a978-0-19-565610-7
041 _amar
082 _a342
_bAUS
100 _aAustin G
245 _aWorking A Democratic Constitution A History Of The Indian Experience
250 _a3ed.
260 _aNew York
_bOxford University Press
_c2006
999 _c694570
_d694570